A-Z Animals - Statistics

General Stats
  • This quiz has been taken 35 times
  • The average score is 19 of 26
Answer Stats
Picture Hint Answer % Correct
A Armadillo
97%
C Cheetah
97%
D Duck
97%
E Elephant
97%
F Flamingo
97%
I Iguana
97%
J Jellyfish
97%
K Koala
97%
G Giraffe
94%
H Hyena
94%
T Tiger
94%
O Octopus
91%
P Penguin
91%
W Wolf
88%
Y Yak
88%
L Lobster
85%
M Monkey
85%
B Buffalo
82%
Q Quail
76%
R Rhinoceros
76%
Z Zebu
29%
S Shrimp
26%
X X-Ray Fish
21%
N Numbat
12%
U Uakari
9%
V Vervet Monkey
9%
No matching quizzes found
Score Distribution
Percent of People with Each Score
Percentile by Number Answered
Your Score History
You have not taken this quiz